| 000 | 00518nam a2200193Ia 4500 | ||
|---|---|---|---|
| 008 | 101110s9999 xx 000 0 und d | ||
| 041 | _aENGLISH | ||
| 082 | _bSR22354 | ||
| 100 | _aGookin Dan, Gookin S.H. | ||
| 245 | _aillustrated Computer Dictionary for Dummies | ||
| 365 | _b110 | ||
| 520 | _aComputer | ||
| 546 | _aENGLISH | ||
| 630 | _aillustrated Computer Dictionary for Dummies | ||
| 650 | _aComputer | ||
| 655 | _aComputer | ||
| 730 | _aillustrated Computer Dictionary for Dummies | ||
| 942 | _cBOOK | ||
| 999 |
_c815107 _d815104 |
||